James Thompson (Record no. 438138)

000 -LEADER
fixed length control field 00324cam a22001217a 4500
008 - FIXED-LENGTH DATA ELEMENTS--GENERAL INFORMATION
fixed length control field 180718b1893 xxu||||| |||| 00| 0 eng d
082 ## - DEWEY DECIMAL CLASSIFICATION NUMBER
Classification number A6x54 R861/T361
100 ## - MAIN ENTRY--PERSONAL NAME
Personal name Temple, Richard
245 ## - TITLE STATEMENT
Title James Thompson
Statement of responsibility, etc. by Richard Temple
260 ## - PUBLICATION, DISTRIBUTION, ETC.
Place of publication, distribution, etc. Oxford
Name of publisher, distributor, etc. Clarendon Press
Date of publication, distribution, etc. 1893
300 ## - PHYSICAL DESCRIPTION
Extent 215+p.
650 ## - SUBJECT ADDED ENTRY--TOPICAL TERM
Topical term or geographic name entry element Thompson family
Holdings
Withdrawn status Lost status Damaged status Not for loan Permanent Location Current Location Date acquired Full call number Barcode Date last seen Price effective from Koha item type
        Indian Institute of Public Administration Indian Institute of Public Administration 2010-04-02 A6x54 R861/T361 3384 2018-07-21 2018-07-21 Book

Powered by Koha